000 00583nam a2200181 a 4500
001 000035015
005 20200930074040.0
008 111024s1972 sp 000 0 spa d
040 _aDO-SdBNP
_bspa
_cBNPHU
082 _axxxx
_bxxxx
100 1 _aWilde, Oscar,
_d1854-1900
_913294
245 1 3 _aEl retrato de Dorian Grey /
_cOscar Wilder.
260 _aBarcelona, :
_bEditorial Ramón Sopena,
_c1972.
300 _a240 p. ;
_c18 cm.
490 1 _aBiblioteca sopena
504 _aIncluye referencias bibliográficas y notas al pie de las páginas
830 0 _aBiblioteca sopena
_912815
999 _c34506
_d34506